| 000 | 00565nam a2200193Ia 4500 | ||
|---|---|---|---|
| 003 | GCL | ||
| 008 | 140319s9999 xx 000 0 ara d | ||
| 040 |
_aGCL / _cGCL |
||
| 082 | 0 | 4 |
_a239.9 _bخ ب |
| 100 | 1 | _aخالد محمد خالد | |
| 245 | 1 | 0 |
_aبين يدى عمر / _cخالد محمد خالد |
| 300 | _a163 ص | ||
| 490 |
_aمكتبة الاسرة _v0 |
||
| 650 | 0 | 4 | _aعمر بن الخطاب |
| 650 | 0 | 4 | _aالاسلام - تراجم |
| 650 | 0 | 4 | _aالصحابة والتابعون |
| 650 | 0 | 4 | _aالخلفاء الراشدون |
| 942 |
_2ddc _cBK |
||
| 999 |
_c50784 _d50784 |
||